La crisis teorica de las ciencias sociales en el norte y en América Latina: un estudio comparado
Gespeichert in:
| 1. Verfasser: | |
|---|---|
| Format: | Text |
| Veröffentlicht: |
Santiago:
CLACSO
|
| Tags: |
Tag hinzufügen
Keine Tags, Fügen Sie den ersten Tag hinzu!
|
MARC
| LEADER | 00000 a a2200000 04500 | ||
|---|---|---|---|
| 001 | 25196 | ||
| 003 | |||
| 040 | |||
| 090 | |a 182400 | ||
| 100 | |a Gomáriz Moraga, Enrique | ||
| 245 | |a La crisis teorica de las ciencias sociales en el norte y en América Latina: un estudio comparado | ||
| 260 | |a Santiago: |b CLACSO | ||
| 300 | |a 77 p. | ||
| 999 | |c 14761 |d 14761 | ||
